000 00857nam a2200253Ia 4500
003 OSt
005 20221005104803.0
006 a|||||r|||| 00| 0
007 ta
008 221004b |||||||| |||| 00| 0 hin d
024 _a31710
037 _cTextual
040 _aCRL
_cCRL
_bhin
041 _2hin
_ahin
082 _aP152, M4
100 _aतिवारी, भोलानाथ
245 0 _aव्यावहारिक हिन्दी
246 _aVyāvahārik hindī
260 _aदिल्ली
_bशब्दकार भारत
_c1984
300 _a102पृ.
_ccm.
700 _a चतुर्वेदी, महेन्द्र
942 _hP152, M4
_cTEXL
_2cc
999 _c1013785
_d1013785